[Event "Villa Ballester op 73rd"]
[Site "Buenos Aires"]
[Date "2024.01.28"]
[Round "9"]
[White "Lizardo, Julio Leonel"]
[Black "Roldan, Emmanuel"]
[Result "0-1"]
[WhiteElo "1566"]
[BlackElo "1646"]
[PlyCount "70"]
[EventDate "2024.01.19"]
[EventType "swiss"]
[EventRounds "9"]
[EventCountry "ARG"]
[SourceTitle "CB06_2024"]
[SourceDate "2024.02.07"]
[SourceVersion "1"]
[SourceVersionDate "2024.02.07"]
[SourceQuality "1"]

1. e4 c5 2. d4 cxd4 3. c3 dxc3 4. Nxc3 Nc6 5. Nf3 e6 6. Bc4 Bb4 7. 0-0 Bxc3 8. bxc3 Nge7 9. Qe2 Qa5 10. h4 0-0 11. e5 Qxc3 12. Bb2 Qa5 13. Rfd1 Nf5 14. Rac1 b5 15. Bb3 Qb4 16. g3 a6 17. Ng5 Bb7 18. Rxd7 Bc8 19. Qh5 Nh6 20. Rxf7 Rxf7 21. Nxf7 Nxf7 22. Rxc6 Qe1+ 23. Kg2 Qe4+ 24. Qf3 Qxf3+ 25. Kxf3 Bb7 26. Bxe6 Bxc6+ 27. Kg4 Rd8 28. f4 Bd7 29. Bxd7 Rxd7 30. e6 Nh6+ 31. Kg5 Rd5+ 32. Be5 Rxe5+ 33. fxe5 Kf8 34. Kf4 Ke7 35. g4 Kxe6 0-1

[Event "Villa Ballester op 73rd"]
[Site "Buenos Aires"]
[Date "2024.01.27"]
[Round "8"]
[White "Roldan, Emmanuel"]
[Black "Leguizamon, Arnaldo"]
[Result "0-1"]
[WhiteElo "1646"]
[BlackElo "1816"]
[PlyCount "72"]
[EventDate "2024.01.19"]
[EventType "swiss"]
[EventRounds "9"]
[EventCountry "ARG"]
[SourceTitle "CB06_2024"]
[SourceDate "2024.02.07"]
[SourceVersion "1"]
[SourceVersionDate "2024.02.07"]
[SourceQuality "1"]

1. d4 Nf6 2. c4 e6 3. Nc3 c5 4. d5 exd5 5. cxd5 d6 6. e4 g6 7. Nf3 Bg7 8. Be2 0-0 9. 0-0 Re8 10. Bg5 Na6 11. Qd2 Rb8 12. Rfe1 Nc7 13. a4 b6 14. Bd3 a6 15. Rad1 b5 16. b3 Bg4 17. Qf4 Bxf3 18. Qxf3 h6 19. Bh4 bxa4 20. bxa4 Rb3 21. Bc2 Rb4 22. Bg3 Nh5 23. Rb1 Nxg3 24. hxg3 Qf6 25. Qxf6 Bxf6 26. Na2 Rc4 27. Bd3 Rxa4 28. Rb7 Nxd5 29. Rd7 Rxa2 30. Bc4 Rd2 31. Rxd6 Bd4 32. Bxd5 Bxf2+ 33. Kf1 Bxe1 34. Kxe1 Rd4 35. Rxa6 Kf8 36. Rd6 Rexe4+ 0-1

[Event "Villa Ballester op 73rd"]
[Site "Buenos Aires"]
[Date "2024.01.25"]
[Round "6"]
[White "Roldan, Emmanuel"]
[Black "Galli, Gabriel"]
[Result "1-0"]
[WhiteElo "1646"]
[BlackElo "1810"]
[PlyCount "42"]
[EventDate "2024.01.19"]
[EventType "swiss"]
[EventRounds "9"]
[EventCountry "ARG"]
[SourceTitle "CB06_2024"]
[SourceDate "2024.02.07"]
[SourceVersion "1"]
[SourceVersionDate "2024.02.07"]
[SourceQuality "1"]

1. e4 c5 2. Nf3 d6 3. d4 cxd4 4. Nxd4 Nf6 5. Nc3 a6 6. Bc4 Qc7 7. Bb3 b5 8. a3 Bb7 9. Qf3 Nc6 10. Nxc6 Qxc6 11. Bg5 Nxe4 12. Bd5 Nxg5 13. Bxc6+ Kd8 14. Qd5 Bxc6 15. Qxc6 Rc8 16. Qb6+ Kd7 17. Nxb5 Rxc2 18. Qb7+ Kd8 19. Nd4 Rc7 20. Qa8+ Kd7 21. Qxa6 g6 1-0